| 000 | 00488nam a22001817a 4500 | ||
|---|---|---|---|
| 003 | CEME | ||
| 005 | 20210628204044.0 | ||
| 008 | 210107b xxu||||| |||| 00| 0 eng d | ||
| 020 | _a9781107603967 | ||
| 040 | _cceme | ||
| 082 | _a516.7 BAR | ||
| 100 |
_aBar, Christian _968483 |
||
| 245 | _aElementary differential geometry | ||
| 260 |
_aINDIA _bCAMBRIDGE _c2011 |
||
| 300 | _aXIII, 315P | ||
| 650 |
_aDIFFERENTIAL GEOMETRY.ELEMENTARY DIFFERENTIAL GEOMETRY _968484 |
||
| 942 |
_cBK _2ddc |
||
| 999 |
_c576050 _d576050 |
||